Nociones de derecho internacional marítimo según los más recientes progresos de la ciencia

Uloženo v:
Podrobná bibliografie
Hlavní autor: Larraín Zañartu, José Joaquín (Autor)
Médium: Kniha
Jazyk:španělština
Vydáno: Santiago Nacional 1892
Témata:
Tagy: Přidat tag
Žádné tagy, Buďte první, kdo vytvoří štítek k tomuto záznamu!

MARC

LEADER 00000nam a2200000 a 4500
001 UCR1243
003 CL-VaPUC
008 971212e18920000CL |||||||||||||||||spa|d
082 0 4 |a 341.45  |b LAR  |2 21 
100 |a Larraín Zañartu, José Joaquín  |e author  |9 537220 
245 1 0 |a Nociones de derecho internacional marítimo según los más recientes progresos de la ciencia 
300 |a 423 p 
942 |c BK 
945 |d 19971212 00:00:00  |a cmena 
260 |a Santiago  |b Nacional  |c 1892 
650 0 |a Derecho internacional  |9 255637 
650 0 |a Derecho marítimo  |9 255301 
650 0 |a Contratos  |9 255153 
650 7 |a BUQUES  |2 CL-VaPUC  |9 340467 
650 0 |a Marina mercante   |9 255383 
650 7 |a CONFLICTOS INTERNACIONALES  |2 CL-VaPUC  |9 334143 
650 0 |a Derecho comercial   |9 256340 
650 0 |a Guerra civil  |9 320243 
650 0 |a Relaciones Internacionales  |9 255740 
650 7 |a CANCILLERIA  |2 CL-VaPUC  |9 381724 
650 0 |a Contrabando  |9 324529 
650 0 |a Delitos  |9 224143 
650 0 |a Derecho natural   |9 255041 
650 0 |a Derecho público   |9 255910 
650 0 |a Derecho penal internacional  |9 371889 
650 0 |a Derecho internacional privado  |9 256361 
650 7 |a TRATADOS  |2 CL-VaPUC  |9 398261 
650 7 |a TRIBUNALES ARBITRALES  |2 CL-VaPUC  |9 398262 
583 |a last modification  |c 19971212 00:00:00  |k Rodrigo Vera 
999 |c 264718  |d 264716 
952 |0 0  |1 0  |4 0  |6 341_450000000000000_LAR_1892  |7 0  |8 DER_HDC  |9 295121  |a BIBDER  |b BIBDER  |d 2019-11-19  |i 1921991  |o 341.45 LAR 1892  |p 1921991  |r 2023-01-25  |w 2019-11-19  |x Ubicación 4to Piso  |y BK_X  |z Estos recursos deben solicitarse con anticipación  |k DER